| 000 | 00663nam a2200229 4500 | ||
|---|---|---|---|
| 003 | OSt | ||
| 005 | 20240605082758.0 | ||
| 006 | a | ||
| 008 | 240605b |||||||| |||| 00| 0 eng d | ||
| 020 | _a4889960929 | ||
| 040 |
_aDWCL-HMN lib. _cOC |
||
| 082 | _aCirc. 641.5092 T627q 2002 | ||
| 100 | _aTohyama, Heihachiro | ||
| 245 | _aQuick and easy sushi cook book / | ||
| 260 |
_aTokyo, Japan : _bJOIE, Inc., printed in Hong Kong, _cc2002. |
||
| 300 |
_b108 pages : colored illustrations ; _c25 cm. |
||
| 504 | _aIncludes glossary. | ||
| 650 | _a1. Sushi. | ||
| 650 | _a2. Cooking, Japanese. | ||
| 700 | _aHeihachiro Tohyama | ||
| 942 |
_2ddc _n0 _cBK-CIRC _kCirc. |
||
| 999 |
_c217 _d217 |
||